Every Rihanna Song on the Billboard Hot 100 - Statistics

General Stats
  • This quiz has been taken 936 times
    775 since last reset
  • The average score is 28 of 62
Answer Stats
# Year Song % Correct
1 2007 Umbrella ft. Jay-Z
92%
1 2012 Diamonds
87%
1 2016 Work ft. Drake
85%
1 2010 Only Girl (In The World)
80%
2 2005 Pon de Replay
78%
1 2011 S&M ft. Britney Spears
78%
1 2008 Disturbia
76%
1 2011 We Found Love ft. Calvin Harris
76%
1 2010 Love The Way You Lie ft. Eminem
75%
3 2013 Stay ft. Mikky Ekko
73%
1 2010 Rude Boy
72%
1 2006 SOS
71%
1 2013 The Monster (Eminem)
67%
3 2008 Don't Stop The Music
65%
5 2017 Love On The Brain
64%
1 2010 What's My Name? ft. Drake
64%
5 2012 Where Have You Been
62%
15 2015 B**** Better Have My Money
60%
1 2008 Take A Bow
60%
7 2016 Needed Me
59%
15 2007 Shut Up And Drive
59%
59 2011 Man Down
58%
3 2016 This Is What You Came For (Calvin Harris)
55%
37 2011 California King Bed
54%
6 2006 Unfaithful
53%
4 2015 FourFiveSeconds (Kanye West & Paul McCartney)
52%
2 2017 Wild Thoughts (DJ Khaled) ft. Bryson Tiller
52%
9 2009 Russian Roulette
51%
62 2016 Kiss It Better
46%
19 2013 Pour It Up
44%
14 2011 You Da One
42%
1 2008 Live Your Life (T.I.)
39%
18 2009 Rehab
39%
15 2014 Can't Remember To Forget You (Shakira)
38%
31 2011 Talk That Talk ft. Jay-Z
38%
7 2011 Cheers (Drink To That)
36%
2 2009 Run This Town (Jay-Z & Kanye West)
36%
7 2012 Take Care (Drake)
36%
7 2007 Hate That I Love You ft. Ne-Yo
35%
19 2011 Fly (Nicki Minaj)
34%
8 2010 Hard ft. Jeezy
32%
36 2018 Lemon (N*E*R*D)
31%
83 2017 Sex With Me
31%
51 2011 Who's That Chick? (David Guetta)
30%
78 2015 American Oxygen
29%
24 2012 Birthday Cake ft. Chris Brown
29%
25 2013 What Now
29%
14 2016 Too Good (Drake)
27%
55 2013 Loveeeeeee Song ft. Future
26%
20 2011 Princess Of China (Coldplay)
26%
50 2013 Right Now ft. David Guetta
24%
36 2005 If It's Lovin' That You Want
23%
14 2017 LOYALTY. (Kendrick Lamar)
22%
23 2020 BELIEVE IT (PARTYNEXTDOOR)
21%
9 2007 Break It Off (Sean Paul)
21%
51 2008 If I Never See Your Face Again (Maroon 5)
20%
64 2010 Rockstar 101 ft. Slash
18%
21 2013 Bad (Wale)
11%
37 2017 Selfish (Future)
10%
75 2016 Nothing Is Promised (Mike WiLL Made-It)
9%
81 2010 Redemption Song
5%
16 2010 Stranded (Haiti Mon Amour) (Jay-Z, Bono & The Edge)
5%
No matching quizzes found
Score Distribution
Percent of People with Each Score
Percentile by Number Answered
Your Score History
You have not taken this quiz since the last reset